000 00458nam a2200157 i 4500
001 28438
003 ES-MaACL
005 20230906153844.0
007 t|
008 030117s1939 gw ||||1| ger d
100 1 _aBaehr, Antón.
_924576
245 1 0 _aKatolische Solidarita und Volkgemeinschaft /
_cvon Antón Baehr.
260 _a[Berlín :
_bDruck Deutsche Zentraldruckerei],
_c1939.
300 _a283 p. ;
_c21 cm.
852 _aES-MaACL
_jA-5228
_bR.18197
999 _c28438
_d28438